书目信息 |
| 题名: |
解决小病痛不用看医生
|
|
| 作者: | 张霆 编著 | |
| 分册: | ||
| 出版信息: | 天津 天津科学技术出版社 2015.08 |
|
| 页数: | 243页 | |
| 开本: | 24cm | |
| 丛书名: | ||
| 单 册: | ||
| 中图分类: | R289.2 | |
| 科图分类: | ||
| 主题词: | 常见病--土方--汇编 | |
| 电子资源: | ||
| ISBN: | 978-7-5576-0253-6 | |
| 000 | 00804nam0 2200229 450 | |
| 001 | 912 | |
| 005 | 20180926155706.14 | |
| 010 | @a978-7-5576-0253-6@dCNY29.80 | |
| 039 | @aA310000SCL@bUCS01002505400@c1102469980 | |
| 100 | @a20160109d2015 em y0chiy50 ea | |
| 101 | 0 | @achi |
| 102 | @aCN@b120000 | |
| 105 | @aa z 000yy | |
| 200 | 1 | @a解决小病痛不用看医生@9jie jue xiao bing tong bu yong kan yi sheng@f张霆编著 |
| 210 | @a天津@c天津科学技术出版社@d2015.08 | |
| 215 | @a243页@c图@d24cm | |
| 330 | @a本书从季节性、身体不同部位症和不同人群等方面,介绍了多种突发的或者困扰人们的小病症的解决办法,详细地描述了病发原因和各种解决病症的科学原理。 | |
| 606 | 0 | @a常见病@x土方@j汇编 |
| 690 | @aR289.2@v5 | |
| 701 | 0 | @a张霆@9zhang ting@4编著 |
| 801 | 0 | @aCN@b91MARC@c20160109 |
| 905 | @aMuseLib@dR289.2@e442 | |
| 解决小病痛不用看医生/张霆编著.-天津:天津科学技术出版社,2015.08 |
| 243页:图;24cm |
| ISBN 978-7-5576-0253-6:CNY29.80 |
| 本书从季节性、身体不同部位症和不同人群等方面,介绍了多种突发的或者困扰人们的小病症的解决办法,详细地描述了病发原因和各种解决病症的科学原理。 |
| ● |
| 相关链接 |
|
|
|
|
正题名:解决小病痛不用看医生
索取号:R289.2/442
 
预约/预借
| 序号 | 登录号 | 条形码 | 馆藏地/架位号 | 状态 | 备注 |
| 1 | 1120279 | 211202795 | 第二样本阅览室/ [索取号:R289.2/442] | 在馆 | |
| 2 | 1120280 | 211202802 | 密集书库-生命科学系/ [索取号:R289.2/442] | 在馆 | |
| 3 | 1120281 | 211202811 | 第三借阅区/ [索取号:R289.2/442] | 在馆 | |
| 4 | 1120282 | 211202820 | 第三借阅区/ [索取号:R289.2/442] | 在馆 | |
| 5 | 1120283 | 211202839 | 第三借阅区/ [索取号:R289.2/442] | 在馆 |